| 000 | 01031nam a22002297a 4500 | ||
|---|---|---|---|
| 005 | 20250320164933.0 | ||
| 008 | 250320b |||||||| |||| 00| 0 eng d | ||
| 020 | _a978-93-89598-83-4 (pbk) | ||
| 037 | _cTB | ||
| 040 |
_aCRL _cCRL |
||
| 041 |
_2hin _ahin |
||
| 084 | _aNW 152R1 | ||
| 100 | _aसिंह, रामकुमार | ||
| 245 |
_aआइडिया से परदे तक: _bकैसे सोचता है फिल्म का लेखक? |
||
| 260 |
_aनई दिल्ली, भारत: _bराजकमल पेपरबैकस, _c2021 |
||
| 300 | _a166पृ0 | ||
| 365 |
_b199.00 _cINR |
||
| 650 | _aसिनेमा | ||
| 700 | _aसिंह, सत्यांशु (लेखक) | ||
| 942 |
_2CC _cTB _hNW 152R1 _n0 |
||
| 999 |
_c1269187 _d1269187 |
||